Unborn persons : Pope John Paul II and the abortion debate /

Bibliographic Details
Main Author: McCartney, James J.
Other Authors: John Paul II, Pope, 1920-2005
Format: Book
Language:English
Published: New York : P. Lang, [1987]
Series:American university studies. Theology and religion ; v. 21.
Subjects:

MARC

Tag First Indicator Second Indicator Subfields
LEADER 00000cam a2200000 a 4500
001 in00000018441
005 20151007053237.0
008 860829s1987 nyu b 00110 eng
010 |a  86020088  
020 |a 0820403490 :  |c $16.75 
035 |a (OCoLC)14242162 
035 |9 AAB0936AM 
040 |a DLC  |c DLC  |d m/c  |d TXA  |d UtOrBLW 
049 |a TXAM  |c [A11084810] 
050 0 0 |a HQ767.35  |b .M35 1987 
082 0 |a 241/.6976  |2 19 
100 1 |a McCartney, James J. 
245 1 0 |a Unborn persons :  |b Pope John Paul II and the abortion debate /  |c James J. McCartney. 
264 1 |a New York :  |b P. Lang,  |c [1987] 
264 4 |c ©1987 
300 |a ix, 166 pages ;  |c 23 cm. 
336 |a text  |b txt  |2 rdacontent 
337 |a unmediated  |b n  |2 rdamedia 
338 |a volume  |b nc  |2 rdacarrier 
490 0 |a American university studies. Series VII, Theology and religion ;  |v vol. 21 
504 |a Bibliography: pages [151]-161. 
500 |a Includes index. 
650 0 |a Abortion  |x Religious aspects  |x Catholic Church. 
650 0 |a Personalism. 
600 0 0 |a John Paul  |b II,  |c Pope,  |d 1920-2005. 
700 0 |a John Paul  |b II,  |c Pope,  |d 1920-2005. 
830 0 |a American university studies.  |n Series VII,  |p Theology and religion ;  |v v. 21. 
999 |a MARS 
999 f f |s ed64f075-44ed-3d24-afec-c94e0d7b6550  |i 2c997915-a54d-3db9-9b0f-fab58692fa85  |t 0 
952 f f |p ric  |a Texas A&M University  |b Rellis Campus  |c Joint Library Facility  |d Remote Storage  |t 0  |e HQ767.35 .M35 1987  |h Library of Congress classification  |i unmediated -- volume  |m A14811084810 
998 f f |a HQ767.35 .M35 1987  |t 0  |l Remote Storage